Helicopter world.

Bibliographic Details
Format: Journal
Language:English
Published: London : Air Age Publications.
Subjects:

MARC

Tag First Indicator Second Indicator Subfields
LEADER 00000cas a2200000 4500
001 in00000051159
005 20151007065904.0
008 800528c19589999enkmr p 0uuua1eng d
035 |a (OCoLC)06367528 
035 |9 AAE2904AM 
040 |a TXA  |c TXA  |d UtOrBLW 
049 |a TXAE 
090 |a TL716.A1  |b H4 
245 0 0 |a Helicopter world. 
247 1 0 |a World helicopter and vertical flight  |f 1958-59 
247 1 0 |a Helicopter and VTO world  |f 1960-61 
247 1 0 |a Helicopter and hovercraft world  |f 1962-66 
264 1 |a London :  |b Air Age Publications. 
300 |a  volumes :  |b illustrations  |a monthly. 
336 |a text  |b txt  |2 rdacontent 
337 |a unmediated  |b n  |2 rdamedia 
338 |a volume  |b nc  |2 rdacarrier 
515 |a Beginning with v. 1, 1967, Hovercraft world issued as a separate publication. 
515 |a Publications suspeneded 1971- 
650 0 |a Helicopters  |x Periodicals. 
650 0 |a Ground-effect machines  |x Periodicals. 
999 |a MARS 
999 f f |s b0dd6368-fd61-384e-87e1-613a08bf60f4  |i b0808916-6735-3a8a-9fc2-8530b2c5df5c  |t 0 
952 f f |p ric  |a Texas A&M University  |b Rellis Campus  |c Joint Library Facility  |d Remote Storage  |t 0  |e TL716.A1 H4  |h Library of Congress classification  |i unmediated -- volume  |k v.9  |l 1966  |m A14807739429 
952 f f |p ric  |a Texas A&M University  |b Rellis Campus  |c Joint Library Facility  |d Remote Storage  |t 0  |e TL716.A1 H4  |h Library of Congress classification  |i unmediated -- volume  |k v.1-2  |l 1958-1959  |m A14851143959 
952 f f |p ric  |a Texas A&M University  |b Rellis Campus  |c Joint Library Facility  |d Remote Storage  |t 0  |e TL716.A1 H4  |h Library of Congress classification  |i unmediated -- volume  |k v.10  |l 1967  |m A14851143967 
952 f f |p ric  |a Texas A&M University  |b Rellis Campus  |c Joint Library Facility  |d Remote Storage  |t 0  |e TL716.A1 H4  |h Library of Congress classification  |i unmediated -- volume  |k v.7  |l 1964  |m A14851143561 
952 f f |p ric  |a Texas A&M University  |b Rellis Campus  |c Joint Library Facility  |d Remote Storage  |t 0  |e TL716.A1 H4  |h Library of Congress classification  |i unmediated -- volume  |k v.3-4  |l 1960-1961  |m A14851143827 
952 f f |p ric  |a Texas A&M University  |b Rellis Campus  |c Joint Library Facility  |d Remote Storage  |t 0  |e TL716.A1 H4  |h Library of Congress classification  |i unmediated -- volume  |k v.5-6  |l 1962-1963  |m A14851143694 
952 f f |p ric  |a Texas A&M University  |b Rellis Campus  |c Joint Library Facility  |d Remote Storage  |t 0  |e TL716.A1 H4  |h Library of Congress classification  |i unmediated -- volume  |k v.14:no.1-2,4-12  |l 1971:Jan.-Feb.,Apr.-Dec.  |m A14851143579 
952 f f |p ric  |a Texas A&M University  |b Rellis Campus  |c Joint Library Facility  |d Remote Storage  |t 0  |e TL716.A1 H4  |h Library of Congress classification  |i unmediated -- volume  |k v.11-12  |l 1968-1969  |m A14851143835 
952 f f |p ric  |a Texas A&M University  |b Rellis Campus  |c Joint Library Facility  |d Remote Storage  |t 0  |e TL716.A1 H4  |h Library of Congress classification  |i unmediated -- volume  |k v.13:no.1-4,6,8-12  |l 1970:Jan.-Apr.,June,Aug./Sept.-Dec.  |m A14851143702 
952 f f |p ric  |a Texas A&M University  |b Rellis Campus  |c Joint Library Facility  |d Remote Storage  |t 0  |e TL716.A1 H4  |h Library of Congress classification  |i unmediated -- volume  |k v.8  |l 1965  |m A14851143439 
998 f f |a TL716.A1 H4  |s v.14:no.1-2,4-12 (1971)  |t 0  |l Remote Storage